000 00327 a2200109 4500
001 ART_12715
005 20260410161909.0
008 260409a
245 1 0 _aA picture of male unemployment in Britain
100 1 _aNickell, S. J.
773 0 _tThe Economic Journal
_g- Vol. 90, NÂș 360 (dic. 1980)
_wREV12512
999 _c26608
_d26608